LEADER 01263nam a2200289 i 4500 001 000000171500 003 CaOOAMICUS 005 20080430000000.0 008 080430s1988 it u000 u ita u 013 $a148931 020 $a88-15-01772-0 040 $aSeMil$bita 100 1 $aAverincev, Sergej Sergeevic <1937-2004>.$0(OLS)http://semarc/name/44632 245 12$aL'anima e lo specchio :$bl'universo della poetica bizantina /$cSergej S. Averincev. 260 $aBologna :$bIl Mulino,$ccopyr. 1988. 300 $a368 p. ;$c22 cm. 490 0 $aCollezione di testi e di studi. Linguistica e critica letteraria 500 $aFondo Card. Giovanni Colombo. 650 4$aLetteratura bizantina.$0(OLS)http://semarc/subject/1579 830 0$aCollezione di testi e di studi. Linguistica e critica letteraria.$0(OLS)http://semarc/title/10716 850 $aSeMil 852 $aSeMil$W1$xVenegono$y1$m1X II 35$j236242$B122369$CSeMilBibl$Z2$F133919 $81 941 1 $a3 961 $aOmaggio: Paleari don Marco 996 $6020$a88-15-01772-0$9(OLS)http://semarc/number/158603 996 $6245$aL'anima e lo specchio :$bl'universo della poetica bizantina$9(OLS)http://semarc/title/245363 996 $6260$aBologna :$bIl Mulino$9(OLS)http://semarc/publisher/29842 LEADER 01006nam a2200253 i 4500 001 000000212170 003 CaOOAMICUS 005 20220513124459.0 008 160406s1973 it u000 u mul u 013 $a191000 040 $aSeMil$bita 100 1 $aMelville, Herman,$d<1819-1891>.$0(OLS)http://semarc/name/1208 240 10$aMoby Dick, or the whale.$0(OLS)http://semarc/title/437667 245 10$aMoby Dick, or the white whale /$cHerman Melville. 250 $a2. ed. riveduta. 264 1$aMilano [etc.] :$bDante Alighieri,$c1973. 300 $a140 p. ;$c19 cm. 650 4$aMelville, Herman <1819-1891> - Opere.$0(OLS)http://semarc/subject/30332 850 $aSeMil 852 $aSeMil$W1$xVenegono$y1$m1V III 195/A$j162605$B162605$CSeMilBibl$Z2$F211748 $81 961 $aOmaggio: Altro 996 $6245$aMoby Dick, or the white whale$9(OLS)http://semarc/title/306377 996 $6264$aMilano [etc.] :$bDante Alighieri$9(OLS)http://semarc/publisher/52635